00412nam a22000977a 4500008004100000082001700041100000800058245023000066260000900296300000900305230703b xxu||||| |||| 00| 0 eng d a351.009bPRA cGOK aReport of the Commission on the Kenya Civil Service, the Kenya Teaching Services, the East African Posts and Telecommunications Administrations and the General Fund Services of the East African Common Services Organizationb  c1979 a136p